000 00462nam a2200193Ia 4500
008 130318s9999 xx 000 0 und d
020 _a8178083779
082 _a004.62 STA/S
100 _aStallings, William
245 _aSNMP, SNMPv2, SNMPv3, and RMON 1 and 2
250 _a3
260 _bPearson Education
_aNew Delhi
_c2004
300 _a619
650 _aCOMPUTER NETWORKS
650 _aRMONI
650 _aSNMP
650 _aSNMPV2
650 _aSNMPV3
999 _c885
_d885